000 00535nam a22001817a 4500
999 _c41699
_d41699
003 OSt
005 20221104103050.0
008 221103b ||||| |||| 00| 0 eng d
020 _a9789350590089
040 _coclc
082 _a660.62
_bPAT/I
100 _99231
_a Patel, A. H.
245 _aIndustrial microbiology /
_cA H Patel
250 _aSecond edition
260 _aDelhi:
_bMacmillan publishers India LTD,
_c2012
300 _a495p
942 _2ddc
_cBK
_esecond edition
_h660.62
_iPAT/I
_k660.62
_mPAT/I